000 00650nam a22002412a 4500
999 _c8040
_d8040
001 8040
003 BD - JhCC
005 20180717090444.0
008 500101s1955 enka 001 0 eng d
035 _a(BD - JhCC)8040
040 _aDLC
_cINT
_dUKM
_dEQO
_dBD - JhCC
041 _aeng
050 0 _aZ665
_b.A73
082 _a026
_218
_bASH 1955
100 1 _aAshworth, Wilfred.
245 1 0 _aHandbook of special librarianship and information work /
_cWilfred Ashworth,
260 _aLondon :
_bAslib,
_c1955
300 _a387 p.
_billus.
_c23 cm
650 0 _aLibrary science
650 0 _aSpecial libraries
942 _2ddc
_cBK